000 00651nam a2200193 a 4500
001 000005695
005 20200929151741.0
008 090821s2009 dr 000 0 spa d
020 _a9789945162981
040 _aDO-SdBNP
_bspa
_cBNPHU
082 _aRD861.5
_bH565p
100 1 _aHerrera Jérez, Elías
_916086
245 1 3 _aEl pecado de Alondra /
_cElías Herrera Jérez ; prólogo Luis Felipe de Jesús Ulerio.
260 _aSanto Domingo :
_bBúho,
_c2009.
300 _a99 p. ;
_c18 cm.
500 _aIncluye datos biográficos del autor en la solapa
590 _aInventariado, 2019 / DG
700 1 _aJesús Ulerio, Luis Felipe de,
_epról.
_916087
999 _c5492
_d5492